Responses for show #1205 - Friday, November 24, 1989

Lisa Guay game 4.

Contestants

Don Steiner, a graduate student originally from Salem, Oregon

Tom Mills, a psychiatrist from San Francisco, California

Lisa Guay, a homemaker from Champlain, New York (whose 3-day cash winnings total $29,401)

Jeopardy! Round responses

STARTS WITH "M"
MIDDLE AGES
MAGIC
MEDICINE
MUSEUMS
MORTAL MATTERS
    $100 11
mush

Don
    $100 1
William

Tom
    $100 3
a wand

Lisa
    $100 2
cavities

Don
    $100 17
Swiss cheese

Lisa
    $100 16
(Tom: Who is Benedict Arnold?)

Nathan Hale

LisaTom
    $200 12
marrow

Don
    $200 4
Avignon

Lisa
    $200 8
balls

Don
    $200 10
indegestion (heartburn accepted)

Lisa
    $200 26
Plymouth Rock

Don
    $200 22
Sitting Bull

Lisa
    $300 13
a midwife

Tom
    $300 5
the Lombards

Lisa
    $300 9
cutting a lady in half

Tom
    $300 14
the Black death

Tom
    $300 27
Johnstown

Don
    $300 23
assassin

Lisa
    $400 18
a Mason jar

Lisa
    $400 6
Bede

Lisa
    $400 20
abracadabra

Triple Stumper
    $400 15
lockjaw

Lisa
    $1,000 24
(Lisa: What is "In the Living Years"?)

(Alex: No, I'm sorry, it is not "In The Living Years", it is called [*]. You were so close. Sorry we have to rule against you. It cost you $1,000. You retain control of the board. Select again.)

"The Living Years"

Lisa
    $500 19
mixed

Lisa
    $500 7
the Franks

Lisa
    $500 21
Mark Wilson

Triple Stumper
    $500 25
Eric Idle

Lisa

Scores at the first commercial break (after clue 15):

Lisa Tom Don
$2,100 $1,000 $600

Scores at the end of the Jeopardy! Round:

Lisa Tom Don
$3,200 $900 $1,100

Double Jeopardy! Round responses

MYTHICAL CHARACTERS
MARYLAND
MOVIE MAKERS
MUSIC
MYSTERIES
MIDDLE NAMES
    $200 2
a unicorn

Tom
    $200 23
(Spiro) Agnew

Lisa
    $200 14
the Warner brothers

Don
    $200 7
(Franz) Liszt

Tom
    $200 1
(Dr.) Watson

Lisa
    $200 12
Averell

Triple Stumper
    $400 3
a dragon

Lisa
    $400 24
the Chesapeake (Bay Retriever)

Don
    $400 15
Blazing Saddles

Lisa
    $400 8
(Richard) Wagner

Don
    $400 16
Poe

Lisa
    $400 13
James Michener

Don
    $600 4
the Jewish religion

Lisa
    $600 25
prohibition

Tom
    $600 20
(Jon) Peters

Lisa
    $600 9
a medley

Don
    $600 17
(Ngaio) Marsh

Lisa
    $600 28
Tyler

Lisa
    $800 5
Medusa

Don
    $2,000 26
(Tom: What is Baltimore?)

Calvert

Tom
    $800 21
Martin Scorsese

Tom
    $800 10
an interval

Tom
    $1,000 18
Inspector (Jules) Maigret

Lisa
    $800 29
Michael

Triple Stumper
    $1000 6
Cyclops (Polyphemus)

Tom
    $1000 27
Antietam

Tom
    $1000 22
(Tom: Who is Louis B. Mayer?)

Irving Thalberg

Tom
Triple Stumper
    $1000 11
Wolfgang Amadeus Mozart

Triple Stumper
    $1000 19
Richard III

Don
    $1000 30
Ward

Lisa

Scores at the end of the Double Jeopardy! Round:

Lisa Tom Don
$9,200 $2,500 $4,900

[wagering suggestions for these scores]

Final Jeopardy! Round responses

MAN IN SPACE
(Alex: [*] was a test pilot for NASA.)
TomWho is Armstrong?
$2,500
DonWho is Sally Ride?
$4,900
LisaWho is Mike Collins?
$601
Neil Armstrong

Final scores:

Lisa Tom Don
$8,599 $5,000 $0
4-day champion: $38,000 2nd place 3rd place

Game dynamics:

Coryat scores:

Lisa Tom Don
$10,000 $4,500 $4,900
25 R
(including 1 DD),
1 W
(including 1 DD)
11 R,
3 W
(including 1 DD)
13 R,
0 W

Combined Coryat: $19,400

The J! Archive is created by fans, for fans. The Jeopardy! game show and all elements thereof, including but not limited to copyright and trademark thereto, are the property of Jeopardy Productions, Inc. and are protected under law. This website is not affiliated with, sponsored by, or operated by Jeopardy Productions, Inc. Join the discussion at JBoard.tv.